000 00447nam a2200181Ia 4500
003 GCL
008 140319s9999 xx 000 0 eng d
040 _aGCL /
_cGCL
082 0 4 _a790
_bA M
100 1 _aACADEMY EDITIONS
245 1 0 _aTHE MULTIMEDIA TEXT /
_cACADEMY EDITIONS
260 _a[S.N] :
_bART AND DESIGN ،
_c1995
300 _a96 P
650 0 4 _aMUSIC - SOUND
650 0 4 _aARTS
650 0 4 _aMULTIMEDIA TEXTS
942 _2ddc
_cBK
999 _c15764
_d15764